Регионална библиотека "Любен Каравелов" - Русе

Джоунс проницателят (Запис номер 437490)

MARC детайли
000 -Лидер
Контролно поле с фиксирана дължина 00940nam a2200265 c 4500
003 - Код на организацията, давaща контролен номер
Контролно поле BLK
005 - Дата и час на последна редакция
Контролно поле 20250722141321.0
008 - Елементи от данни с фиксирана дължина
fixed length control field 180410b bul|||||r ||||||| ||bul||
020 ## - Международен стандартен номер на книга ISBN
Международен стандартен номер на книга ISBN 9789543901692
040 ## - Източник на каталожния запис
Идентификатор на билиотеката - собственик на записа BLK
041 ## - Код за език
Код за езика на текст/звукозапис или на отделно заглавие Български
Код за езика КДБФ Български
080 ## - УДК
Текстов определител УДК Американска литература (на САЩ)
УДК код - определител по УДК 821.111(73)
УДК определител -31
УДК - код + определител 821.111(73)-31
100 1# - Редна дума - Автор
Автор Андрюс, Анди
Авторска отговорност първи автор
R(LIN) 321916
139 ## - Редно поле
Редна дума Андрюс, Анди
Авторски знак Андр - А 66
245 10 - Сведения за заглавието
Заглавие Джоунс проницателят
Подзаглавни данни Роман
Редно поле (дума) Анди Андрюс; прев. от англ. Даня Доганова
260 ## - Област на издателските данни
Име на издателя, разпространителя и проч. SkyPrint
Година на издаване 2021
Място на издаване, разпространение и проч. София
300 ## - Физическа характеристика
Страници 309 с.
Размери/Мащаб 21 см
380 ## - Жанр
Жанр Худож. лит.
700 ## - Други автори (авторска отговорност)
Лично име Доганова, Даня Борисова
Дати, свързани с автора 1956 -
9 (RLIN) 305336
852 ## - Местоположение
Фондова буква Заемна - подръчен фонд
Систематично-азбучна сигнатура 821-31/А 66 А
856 4# - Електронен адрес и достъп
Електронен формат pdf - файл
856 4# - Електронен адрес и достъп
Електронен формат pdf - файл
999 ## - СИСТЕМНИ КОНТРОЛНИ НОМЕРА
Koha biblionumber 437490
Koha biblioitemnumber 437490
942 ## - АРТИКУЛИ
Вид на библиотечния материал Книги
Скрит в OPAC Не
Koha issues (borrowed), all copies 40
Периодичен библиозапис Да
944 ## - СЪЗДАВАНЕ И РЕДАКЦИЯ на ЗАПИСА
Създаване/Редакция Създаване
Дата на регистрацията/редакция 2021-11-18
Служител, извършил регистрацията/редакцията 30575
Статус, дата на статуса Мартин Енчев
Наличности
Код за отписване Код за изгубен артикул Източник на класификационната схема Код за повреда Коз за рестрикции Код за отдаване Артикулен № Име на библиотеката - собственик Име на библиотеката, в която се намира в момента Статус (Текущо местоположение) Дата на вписване в системата Местоположение - отдел Цена в лева Систематично азбучна сигнатура Баркод Цена в евро Служебен тип на артикула
  Не е изгубен Universal Decimal Classification Не е повреден без рестрикции заемане за дома 862986 Регионална библиотека "Любен Каравелов" Русе Регионална библиотека "Любен Каравелов" Русе Заемна - подръчен фонд 2021-11-19 Заемна - подръчен фонд 13.46 821-31/А 66 А 120000862936 6.88 Книги
Vip Innovations Ltd, Rousse, Bulgaria 2025